• 首页
  • 本馆介绍
  • 公告通知
  • 最新文献
  • 馆藏检索
  • 电子资源
  • 读者导购
  • 参考咨询
  • 我的图书馆
  • 登录
  • 详细信息显示
  • 放入我的书架
  • 预约/预借图书
  • 作者相关作品
  • 分类相关作品
  • 丛书相关作品
  • 出版社相关作品

书目信息

  • 表格格式
  • 工作单格式
  • 卡片格式
题名:
传播信任
    
 
作者: 李其芳 著
分册:  
出版信息: 北京   人民出版社  2018
页数: 342页
开本: 24cm
丛书名:
单 册:
中图分类: G22
科图分类:
主题词: 电视--dian shi--传播媒介--文化传播--研究
电子资源:
ISBN: 978-7-01-018715-0
000 01581nam0 2200277 450
001 012001002764
005 20131030161342.0
010    @a978-7-01-018715-0@dCNY58.00
099    @aCAL 012018072136
100    @a20180522d2018 em y0chiy50 ea
101 0  @achi
102    @aCN@b110000
105    @aak a 000yy
106    @ar
200 1  @a传播信任@Achuan bo xin ren@e转型期电视媒介公信力研究@f李其芳著
210    @a北京@c人民出版社@d2018
215    @a342页@c图@d24cm
314    @a李其芳, 山东济南人, 毕业于山东大学、中国传媒大学, 广播电视新闻学硕士、博士。先后在报社、中央电视台从事采编工作, 参与多部大型时政纪录片的创作。
320    @a有书目 (第324-336页)
330    @a21世纪以来, 随着我国剧烈的经济社会转型和新媒体浪潮的推波助澜, 电视等媒介的公信力问题日趋严重, 也是世界传播领域的热点议题。作为第四种权利的媒体是一种“软权力”, 是社会信用的感应器, 受到社会各界的特别关注。媒体是一个复杂的生态系统, 是社会大森林的“消息树”。本书紧扣社会热点, 从政治、社会生态入手, 重点探讨了电视媒介公信力降低的内外部根源, 较清晰地论述了媒介公信力发展的主要维度, 着重于整体对策的构建, 强化了传媒理念和社会环境的支撑提升作用。同时, 以媒介公信力的演进反观社会转型中的政治、经济、社会文化因素的互动关系, 进而为社会信任体系的重新确立给出参照和方法支撑; 也为讲好中国故事、科学构建对外话语体系提供一种观察思路或启示。
517 1  @a转型期电视媒介公信力研究@Azhuan xing qi dian shi mei jie gong xin li yan jiu
606 0  @a电视@Adian shi@x传播媒介@x文化传播@x研究
690    @aG22@v5
701  0 @a李其芳@Ali qi fang@4著
801    @b江苏凤凰@c20191020
905    @b1230519-22@dG22@e230@f4
    
    传播信任:转型期电视媒介公信力研究/李其芳著.-北京:人民出版社,2018
    342页:图;24cm
    
    
    ISBN 978-7-01-018715-0:CNY58.00
    21世纪以来, 随着我国剧烈的经济社会转型和新媒体浪潮的推波助澜, 电视等媒介的公信力问题日趋严重, 也是世界传播领域的热点议题。作为第四种权利的媒体是一种“软权力”, 是社会信用的感应器, 受到社会各界的特别关注。媒体是一个复杂的生态系统, 是社会大森林的“消息树”。本书紧扣社会热点, 从政治、社会生态入手, 重点探讨了电视媒介公信力降低的内外部根源, 较清晰地论述了媒介公信力发展的主要维度, 着重于整体对策的构建, 强化了传媒理念和社会环境的支撑提升作用。同时, 以媒介公信力的演进反观社会转型中的政治、经济、社会文化因素的互动关系, 进而为社会信任体系的重新确立给出参照和方法支撑; 也为讲好中国故事、科学构建对外话语体系提供一种观察思路或启示。
●
相关链接 在E读中查询图书 在五车中查询图书 在当当中查询图书 在豆瓣中查询图书


正题名:传播信任     索取号:G22/230         预约/预借

序号 登录号 条形码 馆藏地/架位号 状态 备注
1 1230519   212305192   第一样本阅览室/ [索取号:G22/230] 在馆    
2 1230520   212305209   教育系资料室/ [索取号:G22/230] 在馆    
3 1230521   212305218   教育系资料室/ [索取号:G22/230] 在馆    
4 1230522   212305227   第四借阅区/ [索取号:G22/230] 在馆    
唐山师范学院图书馆 欢迎您!
大连网信软件有限公司© 版权所有